000 01524cam a2200265 4500
001 ABS67141
008 031028n2003 000 0 eng u
035 _a(Sirsi) u124069
100 _aMorley, S.
245 _aRetail warehouse performance
260 _c2003
490 _aJournal of Retail and Leisure Property
_v3(2) 2003, 142-149(8)
520 _aStrong retail warehouse rental growth and investment return performance have been evident for much of last decade. Examines the underlying causes of such strong performance in terms of occupational demand and supply and looks at forecasts for key economic demand variables over the next few years and how rental growth and investment returns will be affected. Concludes that the retail warehouse market is underpinned by strong fundamentals - the occupational supply/demand imbalance - but forecasts that returns will come more in line with the all-property average in 2004-07. Figures cover retail rental growth, retail sales and rents, GVA Grimley retail warehouse rental index, retail warehouse park development, net investment in retail warehouses and commercial property equivalent yields. References.
590 _aABS
650 _aRETAIL WAREHOUSES
650 _aOCCUPATIONAL DEMAND
650 _aSUPPLY
650 _aRENTAL GROWTH
650 _aYIELDS
650 _aCONSUMER EXPENDITURE
650 _aBULKY GOODS
650 _aPLANNING POLICY
690 _aPROPERTY-COMMERCIAL PROPERTY-COMMERCIAL PROPERTY FINANCE AND INVESTMENT
942 _n0
999 _c73658
_d73658